Триумфальная арка: пер. с нем.; роман

Dades bibliogràfiques
Autor principal: Ремарк Э. М. Эрих Мария
Idioma:rus
Publicat: Нижний Новгород, Волго-Вятское кн. изд-во, 1991
Matèries:
Format: Llibre
KOHA link:https://koha.lib.tpu.ru/cgi-bin/koha/opac-detail.pl?biblionumber=81481

MARC

LEADER 00000nam0a2200000 4500
001 81481
005 20231101213156.0
010 |a 574200348X 
035 |a (RuTPU)RU\TPU\book\87585 
090 |a 81481 
100 |a 20050921d1991 m y0rusy50 ca 
101 1 |a rus  |c ger 
102 |a RU 
105 |a y z 000ay 
200 1 |a Триумфальная арка  |e пер. с нем.  |e роман  |f Э. М. Ремарк 
210 |a Нижний Новгород  |c Волго-Вятское кн. изд-во  |d 1991 
215 |a 383 с. 
610 1 |a немецкая литература 
610 1 |a романы 
675 |a 83  |v 3 
700 1 |a Ремарк  |b Э. М.  |c немецкий писатель  |f 1898-1970  |g Эрих Мария  |2 stltpui  |3 (RuTPU)RU\TPU\pers\1594  |9 686 
801 1 |a RU  |b 63413507  |c 20050921  |g PSBO 
801 2 |a RU  |b 63413507  |c 20050922  |g PSBO 
942 |c BK